| 000 | 00381nam a2200157 4500 | ||
|---|---|---|---|
| 001 | 16929 | ||
| 005 | 20230411085950.0 | ||
| 008 | 060907n2000 dr spa | ||
| 035 | _9funglode17064 | ||
| 041 | _aEN | ||
| 110 | _aThe World Bank | ||
| 245 | 1 | _a2000 a better world for all | |
| 260 |
_a[s.l.] : _bThe World Bank, _c2000 |
||
| 300 | _a24 p. | ||
| 942 |
_2lcc _cbk |
||
| 999 |
_c110132 _d110132 |
||